000 00289nam a2200109Ia 4500
001 588811
005 20250717120838.0
008 250717s9999 xx 000 0 und d
245 0 _aV-14 HAMMİT MASALLAR ÜLKESİ
_cM.SALİH SIRMAÇEKİÇ
260 _bTİMAŞ YAYINLARI
_c2016
300 _b107
999 _c588811
_d588811